| 000 | 00000nam 2200000zi 4500 |
| 001 | 9.931199 |
| 003 | CaOODSP |
| 005 | 20240201150144 |
| 006 | m o d f |
| 007 | cr |n||||||||| |
| 008 | 231207e202401##onc ob f100 0 fre d |
| 020 | |a9780660692050 |
| 040 | |aCaOODSP|bfre|erda|cCaOODSP |
| 043 | |an-cn-nf |
| 086 | 1 |aFs70-4/2024-001F-PDF |
| 245 | 00|aCompte rendu de la réunion sur les avis scientifiques régional pour l’évaluationdu saumon de l’Atlantique dans la région de Terre-Neuve-et-Labrador : |bdates de la réunion : du 2 au 5 mars 2021; lieu : réunion virtuelle / |cprésidents : Corey Morris et Roanne Collins; rédactrice : Rebecca Poole. |
| 264 | 1|aOttawa (Ontario) : |bSecrétariat canadien de consultation scientifique (SCCS), |cjanvier 2024. |
| 264 | 4|c©2024 |
| 300 | |a1 ressource en ligne (iv, 20 pages). |
| 336 | |atexte|btxt|2rdacontent/fre |
| 337 | |ainformatique|bc|2rdamedia/fre |
| 338 | |aressource en ligne|bcr|2rdacarrier/fre |
| 490 | 1 |aCompte rendu, |x2292-4264 ; |v2024/001 |
| 500 | |aPublié aussi en anglais sous le titre : Proceedings of the regional advisory meeting for the assessment of Atlantic salmon in Newfoundland and Labrador. |
| 504 | |aComprend des références bibliographiques. |
| 650 | 6|aSaumon atlantique|zTerre-Neuve-et-Labrador|vCongrès. |
| 650 | 6|aRessources halieutiques|xÉvaluation|zTerre-Neuve-et-Labrador|vCongrès. |
| 655 | 7|aActes de congrès|2rvmgf |
| 700 | 1 |aMorris, Corey J., |d1975- |
| 710 | 2 |aSecrétariat canadien de consultation scientifique, |eorganisme de publication. |
| 710 | 1 |aCanada. |bMinistère des pêches et des océans. |bRégion de Terre-Neuve et du Labrador, |eorganisme de publication. |
| 775 | 08|tProceedings of the regional advisory meeting for the assessment of Atlanticsalmon in Newfoundland and Labrador : |w(CaOODSP)9.931197 |
| 830 | #0|aCompte rendu (Secrétariat canadien de consultation scientifique)|v2024/001.|w(CaOODSP)9.502879 |
| 856 | 40|qPDF|s376 Ko|uhttps://publications.gc.ca/collections/collection_2024/mpo-dfo/fs70-4/Fs70-4-2024-001-fra.pdf |